Minecraft Guess the Block Quiz #1 - Statistics

General Stats
  • This quiz has been taken 95 times
  • The average score is 7 of 11
Answer Stats
Hint Answer % Correct
Mobs cannot spawn on this blockThis block cannot be pushed by a piston neither can it be destroyed by and explosion This block can be found in all three dimensions Bedrock
89%
This block can be smelted to give nether brickThis block can be mined very quickly with a pickaxe The block is commonly found in Nether wastes and does not have much use with the exception of Nether themed builds Netherrack
73%
This block is usually used for redstone machines.The direction the block is facing can be changed depending on how you place it. The block is a full block, meaning you cannot walk through it Observer
73%
When you jump on this block, you take damageThis block can be found in caves, and if its attached to the ceiling and the block above it is destroyed, the block can fall and deal damage to the player and mobs if it comes in contact Dripstone
71%
This block has a certain light levelThis block can often be found in the Basalt delta Players and certain mobs can take damage from this block when stepped on Magma Block
66%
This block is common at a very high y level like snowy mountainsWhen mined, the block drops a different item unless Silk Touch is used When the block is found, it doesnt normally come in veins Emerald Ore
65%
Zombies, Drowned, Zombie Villagers and Zombified Piglins want to destroy this blockThis block can only be found in the overworld This block is often found on sand Turtle Egg
58%
This block will spawn mobs when a player is within a certainrange. This block cannot be broken easily This block can be found in Trial Chambers Trial Spawner
56%
This block has the ability to spawn a certain type of mobThis block can be found in a certain type of tree If the block is broken, the mob dies Creaking Heart
51%
The block can only be obtained in creative modeThe block can be broken, but it takes a lot of time, and it wont drop itself or something completely different, even if silk touch is used This block cannot be pushed by pistons This block can be found in an underground structure in the overworld Reinforced Deepslate
43%
When this block is broken, Piglins will get mad, regardless if youare wearing gold armor This block can only be generated in Bastions If this block is dropped on the ground Piglins will try to pick it up Gilded Blackstone
42%
No matching quizzes found
Score Distribution
Percent of People with Each Score
Percentile by Number Answered
Your Score History
You have not taken this quiz